000 02689nam0a2200397 4500
001 RU\NLR\BIBL_A\010779470
005 20250614100024.0
010 _a978-5-93932-800-5
_9100
021 _aRU
_b2015-34601
_92039
035 _a(NILC)RuMoRGB-007925634
035 _a(NLR Aleph) 010779470
090 _a10059791
_c10059791
100 _a20150609d2015 |||y0rusy50 ca
101 0 _arus
102 _aRU
105 _aa|||j|||000yy
200 1 _aТовароведение и экспертиза однородных групп товаров (раздел "Молочно-жировые товары")
_eлабораторный практикум для высшего профессионального образования
_fЕ. Н. Демина, О. В. Сафронова
_gМ-во образования и науки Российской Федерации, Федеральное гос. бюджетное образовательное учреждение высш. проф. образования "Гос. ун-т - учебно-научно-производственный комплекс"
210 _aОрёл
_cГос. ун-т - учебно-научно-производственный комплекс
_d2015
215 _a139 с.
_cтабл.
_d21
320 _aБиблиогр.: с. 139 (10 назв.)
606 1 _aМолочные продукты
_jУчебные издания для высших учебных заведений
_xКачество
_xЛабораторная практика
_92612559
_3RU\NLR\AUTH\661549117
606 1 _aМолочные продукты
_jУчебные издания для высших учебных заведений
_xТовароведение
_xЛабораторная практика
_92612560
_3RU\NLR\AUTH\661549118
606 1 _aЖиры и масла
_jУчебные издания для высших учебных заведений
_xКачество
_xЛабораторная практика
_92263344
_3RU\NLR\AUTH\6601586623
606 1 _aЖиры и масла
_jУчебные издания для высших учебных заведений
_xТовароведение
_xЛабораторная практика
_92263343
_3RU\NLR\AUTH\6601586622
686 1 _aЛ95-9я73-5
686 1 _aЛ95-106я73-5
686 1 _aЛ782-9я73-5
686 1 _aЛ782-106я73-5
700 1 _aДемина
_bЕ. Н.
_gЕкатерина Николаевна
701 1 _aСафронова
_bО. В.
_gОксана Викторовна
801 0 _aRU
_bРГБ
_c20150506
_gRCR
942 _cBOOK
980 _aNBR
980 _aNB